Statistics for History by SalmonBoy

Click here to take the quiz!

General Stats

  • This quiz has been taken 16 times
  • The average score is 4 of 10

Answer Stats

Answer% Correct
Who famously led Elephants across the Alps in his campaign against the RomansHannibal
92%
Which year was the Fire of London1666
75%
Who signed the Magna CartaKing John
58%
Which Persian King was defeated at the Battle of MarathonDarius
50%
In which year was the Battle of Agincourt1415
42%
Which King was defeated by William the Conqueror at the Battle of HastingHarold Godwinson
33%
Who was the first European to have discovered North AmericaLeif Eriksson
33%
Who is known as the Father of HistoryHerodotus
17%
Alfred and which other English King are the only English monarchs to be given the Epitaph 'The Great'Cnut
8%
Who was the last Pagan Emperor of RomeJulian
0%

Score Distribution

Percentile by Number Answered

Percent of People with Each Score

Your Score History

You have not taken this quiz